Gençlik halleri (Record no. 2422)

MARC details
000 -BAŞLIK
Sabit Uzunlukta Kontrol Alanı 00868na a2200277 4500
001 - KONTROL NUMARASI
Denetim Alanı 13123
003 - KONTROL NUMARASI IDENTIFIER
Denetim Alanı MIRAKIL
005 - SON İŞLEM TARİHİ VE ZAMANI
Denetim Alanı 20181213154857.0
008 - SABİT-BOY VERİ ELEMANLARI - GENEL BİLGİLER
Sabit Uzunlukta Kontrol Alanı 161028b tu 000 0
035 ## - SİSTEM KONTROL NUMARASI
Sistem Kontrol Numarası 13123
040 ## - KATALOGLAMA KAYNAK
Orijinal Kataloglama Ajansı Milas
Kataloglama Dili tur
Metne Dönüştürmek Ajansı TR-AnCHP
041 ## - DİL KODU
Metin / Ses Parça Veya Ayrı Başlığın Dil Kodu tur
082 ## - DEWEY ONLU SINIFLANDIRMA NUMARASI
Sınıflandırma Numarası 305.235
Ürün Numarası G35 2013
090 ## - SINIFLAMA NUMARASI
Sınıflama Numarası 305.235 G35 2013
245 ## - BAŞLIK TABLOSU
Başlık Gençlik halleri
Başlığın Kalan :2000'li yıllar Türkiye'sinde genç olmak
Sorumluluk Tablosu, Vb derleyenler Demet Lüküslü, Hakan Yücel
246 ## - UNVAN FORM VARYING
Başlık Doğru / Kısa Başlığı İki binli yıllar Tükiyesinde genç olmak
260 ## - YAYIN, DAĞITIM, VB
Yayın, Dağıtım, Vb Yeri Ankara
Yayıncı, Dağıtıcı, Vs Adı Efil Yayınevi
Yayın, Dağıtım, Vb Tarihi 2013
300 ## - FİZİKSEL TANIM
Kapsam iii, 316 s.
Diğer Fiziksel Ayrıntıları tbl.; grf.
Boyutlar 24 sm.
504 ## - KAYNAKÇA VB NOT
Kaynakça Vb Notu Kaynakça var.
650 ## - KONU KATMA GİRİŞ - TOPİKAL DÖNEM
Topikal Süreli Veya Coğrafi Ad Giriş Elemanı Gençler
Genel Alt Bölümü Siyasal etkinlik
Coğrafi Alt Bölümü Türkiye
650 ## - KONU KATMA GİRİŞ - TOPİKAL DÖNEM
Topikal Süreli Veya Coğrafi Ad Giriş Elemanı Gençlik
Genel Alt Bölümü Yaşam biçimi
Coğrafi Alt Bölümü Türkiye
650 ## - KONU KATMA GİRİŞ - TOPİKAL DÖNEM
Topikal Süreli Veya Coğrafi Ad Giriş Elemanı Gençlik
Genel Alt Bölümü Sosyal durum
Coğrafi Alt Bölümü Türkiye
700 ## - KATMA GİRİŞ - KİŞİSEL İSİM
Kişisel Ad Yücel, Hakan
700 ## - KATMA GİRİŞ - KİŞİSEL İSİM
Kişisel Ad Lüküslü, Demet
942 ## - EKLENDİ GİRİŞ ELEMANLARI (KOHA)
Sınıflandırma Veya Raf Düzeni Kaynak
Koha Öğesi Türü Books
999 ## - SİSTEM KONTROL NUMARALARI (KOHA)
Koha Biblionumber 2422
Koha Biblioitemnumber 2422
Holdings
Kalıcı Konum Mevcut Konum Edinme Tarihi Edinim Kaynak Toplam Check-Out'Lar Tam Çağrı Numarası Barkod Tarih Son Görülme İtibaren Geçerli Fiyatlar Koha Öğesi Türü Kopya Sayısı
CHP Kütüphanesi CHP Kütüphanesi 08/08/2016 Bağış   305.235 G35 2013 000653 08/08/2016 08/08/2016 Books  
CHP Kütüphanesi CHP Kütüphanesi 10/28/2016 Bağış   305.235 G35 2013 002811 10/28/2016 10/28/2016 Books k.2